Study on public display procedure of cadastral document in bb 01 order, សិក្សាពីដំណើរការបិទផ្សាយជាសាធារណៈនៃឯកសារសុរិយោដី (Record no. 7479)
[ view plain ]
| 000 -LEADER | |
|---|---|
| fixed length control field | 00563nam a22001457a 4500 |
| 003 - CONTROL NUMBER IDENTIFIER | |
| control field | OSt |
| 005 - DATE AND TIME OF LATEST TRANSACTION | |
| control field | 20160310102956.0 |
| 008 - FIXED-LENGTH DATA ELEMENTS--GENERAL INFORMATION | |
| fixed length control field | 160310b xxu||||| |||| 00| 0 eng d |
| 040 ## - CATALOGING SOURCE | |
| Transcribing agency | RUA |
| 082 ## - DEWEY DECIMAL CLASSIFICATION NUMBER | |
| Classification number | LMA ROS 2014 B467 Or.1 |
| 100 ## - MAIN ENTRY--PERSONAL NAME | |
| 9 (RLIN) | 7884 |
| Personal name | ROS KIRA; រស់ គីរ៉ា |
| 245 ## - TITLE STATEMENT | |
| Title | Study on public display procedure of cadastral document in bb 01 order, សិក្សាពីដំណើរការបិទផ្សាយជាសាធារណៈនៃឯកសារសុរិយោដី |
| 300 ## - PHYSICAL DESCRIPTION | |
| Extent | ix,44p. |
| Other physical details | ill. |
| Dimensions | 29cm. |
| 942 ## - ADDED ENTRY ELEMENTS (KOHA) | |
| Source of classification or shelving scheme | |
| Koha item type | LMA |
| Price effective from | Date last seen | Permanent Location | Not for loan | Date acquired | Source of classification or shelving scheme | Koha item type | Lost status | Withdrawn status | Date last checked out | Total Checkouts | Shelving location | Damaged status | Barcode | Current Location | Full call number |
|---|---|---|---|---|---|---|---|---|---|---|---|---|---|---|---|
| 2016-03-10 | 2020-10-12 | Library Block B | 2016-03-10 | LMA | 2020-09-21 | 1 | B467 | RUA056088 | Library Block B | LMA ROS 2014 B467 Or.1 | |||||
| 2016-03-10 | 2016-03-10 | Library Block B | 2016-03-10 | LMA | B467 | RUA055682 | Library Block B | LMA ROS 2014 B467 Or.2 | |||||||
| 2016-03-10 | 2016-03-10 | Library Block B | 2016-03-10 | LMA | B467 | RUA055681 | Library Block B | LMA ROS 2014 B467 Or.3 | |||||||
| 2016-03-10 | 2019-11-20 | Library Block B | 2016-03-10 | LMA | 2019-07-30 | 1 | B467 | RUA055927 | Library Block B | LMA ROS 2014 B467 Or.4 | |||||
| 2016-03-10 | 2025-11-29 | Library Block B | 2016-03-10 | LMA | 2025-11-01 | 3 | B467 | RUA055606 | Library Block B | LMA ROS 2014 B467 Or.5 | |||||
| 2016-03-10 | 2016-06-06 | Library Block B | 2016-03-10 | LMA | 2016-05-16 | 1 | B467 | RUA056030 | Library Block B | LMA ROS 2014 B467 Or.6 | |||||
| 2016-03-10 | 2016-03-10 | Library Block B | 2016-03-10 | LMA | B467 | RUA056361 | Library Block B | LMA ROS 2014 B467 Or.7 | |||||||
| 2016-03-10 | 2016-03-10 | Library Block B | 2016-03-10 | LMA | B467 | RUA056365 | Library Block B | LMA ROS 2014 B467 Or.8 |